Statistics for Manchester United All-Time Greatest XI

Click here to take the quiz!

General Stats

  • This quiz has been taken 2,863 times
  • The average score is 8 of 11

Answer Stats

Position: Nationality: Years Active: Player: % Correct
MidfielderWales1991-2014Ryan Giggs
96%
MidfielderPortugal2003-2009Cristiano Ronaldo
95%
MidfielderEngland1994-2011Paul Scholes
92%
ForwardFrance1992-1997Eric Cantona
87%
GoalkeeperDenmark1991-1999Peter Schmeichel
85%
DefenderEngland1991-2011Gary Neville
84%
MidfielderEngland1956-1973Bobby Charlton
74%
DefenderIreland1990-2002Denis Irwin
66%
ForwardScotland1962-1973Denis Law
59%
DefenderEngland1989-1998Steve Bruce
51%
DefenderEngland1952-1970Bill Foulkes
9%

Score Distribution

Percentile by Number Answered

Percent of People with Each Score

Your Score History

You have not taken this quiz